Capitales des États des États-Unis - Statistiques

Statistiques générales
  • Ce quiz a été pris 355 fois
  • Le résultat moyen est 32 sur 50
Réponses sur la Carte
Les réponses sont colorées sur une échelle allant du rouge au vert en fonction du pourcentage des utilisateurs qui les ont devinées à leur premier essai. Vous pouvez retrouver ces pourcentages ci-dessous.
 
Statistiques - réponses
États Capitales % Correct
Hawaï Honolulu
84%
Californie Sacramento
84%
Massachusetts Boston
83%
Colorado Denver
81%
Louisiane Baton Rouge
80%
Texas Austin
79%
Indiana Indianapolis
79%
Arizona Phoenix
78%
Géorgie Atlanta
77%
Alaska Juneau
76%
Oklahoma Oklahoma City
75%
Mississippi Jackson
72%
Oregon Salem
70%
Nouveau-Mexique Santa Fe
70%
New York Albany
69%
Utah Salt Lake City
69%
Vermont Montpelier
67%
Floride Tallahassee
67%
Illinois Springfield
66%
Dakota du Sud Pierre
65%
Tennessee Nashville
64%
Dakota du Nord Bismarck
63%
Idaho Boise
63%
Montana Helena
62%
Iowa Des Moines
61%
Alabama Montgomery
61%
Nevada Carson City
60%
Wyoming Cheyenne
60%
Ohio Columbus
60%
Washington Olympia
60%
Nebraska Lincoln
59%
Caroline du Nord Raleigh
59%
Minnesota Saint Paul
59%
Arkansas Little Rock
58%
Delaware Dover
56%
Kentucky Frankfort
56%
Rhode Island Providence
55%
Maine Augusta
54%
Caroline du Sud Columbia
54%
Virginie Richmond
54%
Kansas Topeka
54%
Virginie-Occidentale Charleston
53%
Pennsylvanie Harrisburg
52%
Maryland Annapolis
51%
Connecticut Hartford
51%
Missouri Jefferson City
51%
Michigan Lansing
51%
Wisconsin Madison
51%
New Jersey Trenton
50%
New Hampshire Concord
48%
Aucun quiz correspondant
Distribution des résultats
% des personnes avec chaque résultat
Percentile par nombre de réponses
Votre historique - résultats
Vous n’avez pas pris ce quiz